[Event "Brasschaat op 14th"]
[Site "Brasschaat"]
[Date "2014.08.17"]
[Round "2"]
[White "Peleman, Tony"]
[Black "Luyten, Rudi"]
[Result "1/2-1/2"]
[WhiteElo "2010"]
[BlackElo "1787"]
[PlyCount "90"]
[EventDate "2014.08.16"]
[EventType "swiss"]
[EventRounds "9"]
[EventCountry "BEL"]
[SourceTitle "CBM 161 Extra"]
[Source "ChessBase"]
[SourceDate "2014.08.29"]
[SourceVersion "1"]
[SourceVersionDate "2014.08.29"]
[SourceQuality "1"]

1. e4 e6 2. d4 d5 3. Nd2 c5 4. exd5 Qxd5 5. dxc5 Nf6 6. Ngf3 Qxc5 7. Nb3 Qc7 8. Bd3 Nc6 9. c3 e5 10. 0-0 Bg4 11. h3 Bh5 12. Qe2 0-0-0 13. Bf5+ Kb8 14. g4 Bg6 15. Bxg6 hxg6 16. Kg2 Bd6 17. Ng5 Rde8 18. Qc4 Rhf8 19. Be3 Nd8 20. Qxc7+ Bxc7 21. Rad1 Ne6 22. Nc5 Nxg5 23. Bxg5 Kc8 24. Rfe1 Rd8 25. Bxf6 gxf6 26. Ne4 f5 27. gxf5 gxf5 28. Ng3 Rg8 29. Kf1 Rh8 30. Rxd8+ Kxd8 31. Rd1+ Ke8 32. Nxf5 Rxh3 33. Ke2 Rh2 34. c4 Bb6 35. Nd6+ Kf8 36. Ne4 Bd4 37. Rf1 Bxb2 38. Nd6 b6 39. Nc8 Bd4 40. Nxa7 f5 41. Nc6 Rh4 42. Nxd4 Rxd4 43. Rc1 Ke7 44. c5 bxc5 45. Rxc5 Ra4 1/2-1/2

[Event "BEL-ch op"]
[Site "Geel"]
[Date "1996.07.??"]
[Round "1.5"]
[White "Demoulin, Joachim"]
[Black "Luyten, Rudi"]
[Result "1-0"]
[WhiteElo "2093"]
[BlackElo "1815"]
[PlyCount "109"]
[EventDate "1996.07.06"]
[EventType "swiss"]
[EventRounds "9"]
[EventCountry "BEL"]
[SourceTitle "EXT 2021"]
[Source "ChessBase"]
[SourceDate "2020.10.23"]
[SourceVersion "1"]
[SourceVersionDate "2020.10.23"]
[SourceQuality "1"]

1. b4 d5 2. Bb2 e6 3. Nf3 Nf6 4. b5 c5 5. e3 Be7 6. c4 0-0 7. Be2 Nbd7 8. 0-0 b6 9. Nc3 dxc4 10. Bxc4 Bb7 11. d4 Qc7 12. Be2 Rfd8 13. Rc1 Rac8 14. Qa4 Qb8 15. Rfd1 cxd4 16. exd4 Nd5 17. Nxd5 Bxd5 18. Ne5 Nxe5 19. dxe5 Bc5 20. Rd3 Be7 21. Rcd1 Rc4 22. Qa6 Rc2 23. R3d2 Rdc8 24. Qa4 Rxd2 25. Rxd2 Qb7 26. Qg4 Be4 27. h4 Bf5 28. Qd4 h6 29. Bf3 Qb8 30. Qa4 Rc7 31. Bc6 Qc8 32. Ba3 Bxa3 33. Qxa3 a6 34. Qxa6 Qxa6 35. bxa6 Rxc6 36. Rd8+ Kh7 37. a7 Rc1+ 38. Kh2 Be4 39. f3 Bc6 40. Rc8 Ra1 41. Rxc6 Rxa2 42. Rc7 b5 43. Rxf7 b4 44. Re7 b3 45. Rxe6 Rxa7 46. Rb6 Ra5 47. f4 Ra4 48. Kg3 g5 49. hxg5 hxg5 50. f5 Rf4 51. f6 Re4 52. e6 b2 53. Rxb2 Kg6 54. f7 Kg7 55. Rb8 1-0